[Event "SLO-chT 1st League Central"]
[Site "Ljubljana"]
[Date "2012.09.13"]
[Round "2.2"]
[White "Ceranja, Joze"]
[Black "Kozjan, Ales"]
[Result "0-1"]
[WhiteElo "1569"]
[BlackElo "1620"]
[PlyCount "50"]
[EventDate "2012.09.06"]
[EventType "team-swiss"]
[EventRounds "9"]
[EventCountry "SLO"]
[SourceTitle "EXT 2019"]
[Source "ChessBase"]
[SourceDate "2018.10.10"]
[SourceVersion "1"]
[SourceVersionDate "2018.10.10"]
[SourceQuality "1"]
[WhiteTeam "Borovnica"]
[BlackTeam "Vrhnika"]
[WhiteTeamCountry "SLO"]
[BlackTeamCountry "SLO"]

1. e4 e5 2. Nf3 Nc6 3. Bc4 Bc5 4. c3 Nf6 5. d4 exd4 6. cxd4 Bb4+ 7. Nc3 Nxe4 8. Qe2 d5 9. Bd3 f5 10. 0-0 0-0 11. Ng5 Nxd4 12. Qh5 Nf6 13. Nxd5 Qxd5 14. Qh4 h6 15. Nf3 Nxf3+ 16. gxf3 Qxf3 17. Bc4+ Kh7 18. Bxh6 gxh6 19. Rad1 b5 20. Bd3 Rg8+ 21. Qg3 Rxg3+ 22. fxg3 Bc5+ 23. Rf2 Qxf2+ 24. Kh1 Bb7+ 25. Be4 Bxe4# 0-1

[Event "SLO-chT Central 1st League 11th"]
[Site "Slovenia"]
[Date "2010.09.09"]
[Round "1.4"]
[White "Kozjan, Ales"]
[Black "Strajnar, Gregor"]
[Result "0-1"]
[WhiteElo "1635"]
[BlackElo "1581"]
[PlyCount "47"]
[EventDate "2010.09.09"]
[EventType "team-tourn"]
[EventRounds "9"]
[EventCountry "SLO"]
[SourceTitle "EXT 2022"]
[Source "ChessBase"]
[SourceDate "2021.10.06"]
[SourceVersion "1"]
[SourceVersionDate "2021.10.06"]
[SourceQuality "1"]
[WhiteTeam "Vrhnika II"]
[BlackTeam "Barob Smarca"]
[WhiteTeamCountry "SLO"]
[BlackTeamCountry "SLO"]

1. e4 e5 2. Nf3 Nf6 3. Nc3 Bc5 4. Nxe5 d6 5. Nd3 Bb6 6. f3 Nc6 7. Nd5 Nh5 8. Nxb6 axb6 9. Nf2 0-0 10. d4 f5 11. Bc4+ Kh8 12. 0-0 f4 13. Ng4 Qh4 14. h3 Ng3 15. Qe1 h5 16. Nh2 Nxd4 17. Rf2 b5 18. c3 Ne6 19. Bxb5 Ng5 20. Nf1 Bxh3 21. Nxg3 Qxg3 22. Qe2 Be6 23. Rf1 h4 24. Qf2 0-1

[Event "Ljubljana-chT 63rd 3rd League"]
[Site "Ljubljana"]
[Date "2010.03.04"]
[Round "7.3"]
[White "Semeja, Mirko"]
[Black "Kozjan, Ales"]
[Result "1/2-1/2"]
[WhiteElo "1635"]
[BlackElo "1679"]
[PlyCount "51"]
[EventDate "2010.01.07"]
[EventType "team-tourn"]
[EventRounds "10"]
[EventCountry "SLO"]
[SourceTitle "EXT 2022"]
[Source "ChessBase"]
[SourceDate "2021.10.06"]
[SourceVersion "1"]
[SourceVersionDate "2021.10.06"]
[SourceQuality "1"]

1. e4 e5 2. Nf3 Nc6 3. Nc3 a6 4. a3 Bc5 5. Be2 d6 6. d3 Nge7 7. Bg5 f6 8. Bh4 Nd4 9. Nxd4 Bxd4 10. Qd2 f5 11. Nd5 fxe4 12. Nxe7 Rf8 13. Qg5 Rf7 14. c3 Bb6 15. Nxc8 Bxf2+ 16. Kd1 Bxh4 17. Nxd6+ cxd6 18. Qxd8+ Rxd8 19. dxe4 Rf2 20. g3 Bg5 21. Ke1 Be3 22. Rd1 Ke7 23. Rd3 Bb6 24. Rf3 Rf8 25. Rxf8 Rxf8 26. Rf1 1/2-1/2